000 00605nam a2200241Ia 4500
003 OSt
005 20221007082516.0
006 a|||||r|||| 00| 0
007 ta
008 221006b |||||||| |||| 00| 0 eng d
024 _a26,377
037 _cTextual
040 _aFLL
_cFLL
_beng
041 _2eng
_aeng
082 _aV2,3(Z).N8t, M1.5-.6
110 _aGovt. of India
245 0 _aCommittee on subordinate legislation
260 _c1981
300 _aiii,1-81p
_ccm.
700 _aGovt. of India
942 _hV2,3(Z).N8t, M1.5-.6
_cTEXL
_2CC
999 _c1166665
_d1166665